Lana Del Rey (feat. Bleachers) - Margaret (Lyrics) - Statistics

General Stats
  • This quiz has been taken 402 times
    334 since last reset
  • The average score is 298 of 364
Answer Stats
Answer % Correct
"I
100%
I
100%
a
99%
the
99%
The
99%
you
99%
You
99%
is
98%
know,
98%
know
98%
know?"
98%
me
98%
When
98%
when
98%
Margaret
96%
on
95%
your
95%
in
94%
In
94%
And
93%
and
93%
He
93%
he
93%
be
92%
it
92%
It
92%
trouble"
91%
trouble
91%
like,
90%
like
90%
Like
90%
love
90%
she
90%
So
90%
'Cause,
89%
'Cause
89%
do
89%
This
89%
this
89%
was
89%
good
88%
met
88%
rooftop,
88%
if
87%
If
87%
might
87%
of
87%
white
87%
for
86%
friend
86%
song,
86%
that
86%
That
86%
wearing
86%
baby,
84%
Baby,
84%
My
84%
my
84%
I'm
83%
simple
83%
you're
83%
makes
82%
"No"
82%
out,
80%
with
80%
With
80%
write
80%
to
79%
gonna
78%
inside
78%
life,
77%
shirt
77%
pen
76%
had
75%
laugh
75%
messy
75%
or
75%
run,
75%
run
75%
Run
75%
kinda
74%
off
74%
"Should
74%
flashes
73%
now
73%
old,
73%
old
73%
jump
72%
as
71%
double?"
71%
building
70%
diamond
69%
Diamond
69%
down
69%
party,
69%
party
69%
18
68%
December
68%
table
67%
Running
66%
bring
65%
ring
65%
path
64%
gold
63%
answer,
62%
answer
62%
Hollywood
62%
fire
61%
head
56%
"How
56%
by
54%
friends
53%
soul
53%
don't
52%
sing
52%
way,
52%
what
52%
blue
51%
that's
51%
never
50%
Then
50%
asking
48%
day
48%
all
47%
new
47%
one
47%
their
46%
Their
46%
black
45%
yourself,
45%
eyes
44%
key
44%
up
43%
give
42%
minor
41%
red
40%
Word
39%
you'll
39%
lies
38%
Maybe
38%
tomorrow
36%
away
35%
head's
35%
gotta
34%
flags,
33%
join
32%
mean,
25%
knights
20%
No matching quizzes found
Score Distribution
Percent of People with Each Score
Percentile by Number Answered
Your Score History
You have not taken this quiz since the last reset